| 000 | 00983cam a2200313 i 4500 | ||
|---|---|---|---|
| 999 |
_c200443032 _d61244 |
||
| 001 | 200443032 | ||
| 003 | TR-AnTOB | ||
| 005 | 20230201141513.0 | ||
| 007 | ta | ||
| 008 | 990621s1985 tu d 000 0 tur d | ||
| 035 | _a(TR-AnTOB)200443032 | ||
| 040 |
_aGAZIU _beng _erda _cGAZIU _dTR-AnTOB |
||
| 041 | 0 | _atur | |
| 050 | 4 |
_aTS161 _b.A23 1985 |
|
| 090 |
_aTS161 _b.A23 1985 |
||
| 100 | 1 |
_aAcar, Nesime _eauthor _956216 |
|
| 245 | 1 | 0 |
_aMalzeme ihtiyaç plânlama sistemi / _cNesime Acar. |
| 264 | 1 |
_aAnkara : _bMilli Prodüktivite Merkezi, _c1985. |
|
| 300 |
_a108 pages : _btables ; _c23 cm |
||
| 336 |
_atext _btxt _2rdacontent |
||
| 337 |
_aunmediated _bn _2rdamedia |
||
| 338 |
_avolume _bnc _2rdacarrier |
||
| 490 | 0 |
_aMilli Prodüktivite Merkezi yayınları ; _vno. 323. |
|
| 650 | 7 |
_aMalzeme ihtiyaç planlaması _2etuturkob _9132148 |
|
| 710 | 2 |
_aMilli Prodüktivite Merkezi (Turkey) _930586 |
|
| 942 |
_2lcc _cBK |
||